| 000 | 00452nam a2200145Ia 4500 | ||
|---|---|---|---|
| 008 | 230718s9999 xx 000 0 und d | ||
| 041 | _aeng | ||
| 082 |
_a362.104 _bROI |
||
| 100 |
_aRoizen M.F. _9157045 |
||
| 245 |
_aOwners Manual _bAn Insiders Guide To The Body To That Will Make You Healthier And Younger |
||
| 260 | _bHarper And Rao | ||
| 365 |
_cRs. _b848.00 |
||
| 700 |
_aRoizen M.F. & Oz M.C. _9190231 |
||
| 906 |
_dB:556119-Aug-2008 _cMGMT _b169.6 |
||
| 999 |
_c319758 _d319758 |
||